Statystyki dla Europa- najpopularniejsze państwa

Kliknij tutaj aby rozwiązać quiz!

Ogólne statystyki

  • Ten quiz został rozwiązany 544 razy
  • Średni wynik to 11 z 15

Statystyki odpowiedzi

HintOdpowiedź% Poprawnych
13Polska
99%
2Hiszpania
96%
1Francja
95%
5Niemcy
95%
9Rosja
93%
3Włochy
90%
10Portugalia
86%
8Grecja
77%
14Holandia
71%
11Dania
66%
7Austria
61%
15Litwa
59%
4Turcja
53%
12Luksemburg
34%
6Zjednoczone Królestwo
6%

Rozkład punktacji

Percentyl według liczby udzielonych odpowiedzi

Procent ludzi z każdym wynikiem

Twoja historia wyników

Nie rozwiązałeś tego quizu